Statistics for Lego Batman 1 Boss Names (HERO)

Click here to take the quiz!

General Stats

  • This quiz has been taken 52 times
  • The average score is 13 of 15

Answer Stats

HintAnswer% Correct
An Icy ReceptionMr. Freeze
100%
A Poisonous AppointmentPoison Ivy
100%
Two-Face ChaseTwo-Face
100%
To the Top of the TowerJoker
98%
Penguin's LairPenguin
98%
The Face-OffRiddler
93%
There She Goes AgainCatwoman
88%
You Can Bank On BatmanClayface
88%
Batboat BattlePenguin
85%
Little Fun at Big TopHarley Quinn
83%
Under the CityKiller Croc
83%
Flight of the BatScarecrow
80%
In the Dark NightKiller Moth
76%
Zoo's CompanyManbat
73%
Joker's Home TurfMad Hatter
71%

Score Distribution

Percentile by Number Answered

Percent of People with Each Score

Your Score History

You have not taken this quiz